| 000 | 00990nem a2200277 i 4500 | ||
|---|---|---|---|
| 001 | bg | ||
| 245 | 0 | 0 |
_aOkolice Krakowa i Tatry [Dokument elektroniczny] : _batlas turystyczno-drogowy / _coprac. wydawca. |
| 246 | 1 | _aAtlas okolic Krakowa i Tatr | |
| 254 | _aDane kartograficzne | ||
| 255 | _a1:20 000 | ||
| 260 |
_aKatowice : _bWydaw. Kartograficzne "Mapy Ścienne" Beata Piętka, _c[2005]. |
||
| 300 |
_a1 dysk optyczny (CD ROM) : _bkolor. ; _c12 cm. |
||
| 500 | _aTyt. z ekranu tytułowgo. | ||
| 500 | _aTyt. z etykiety dysku: Atlas okolic Krakowa i Tatr. | ||
| 500 | _aWymagania systemowe: IBM PC; Windows 98 lub nowsze; karta graficzna 800x600 Hicolor; czytnik CD-ROM. | ||
| 651 | 9 | _aKraków (woj. małopolskie) | |
| 651 | 9 | _aMałopolskie, województwo | |
| 651 | 9 | _aTatry | |
| 655 | _aMapy | ||
| 655 | _aDokumenty elektroniczne | ||
| 040 | _cBPK | ||
| 041 | 0 | _apol | |
| 080 | _a912:379.85+656.13(438)A/Z | ||
| 942 | _cCD | ||
| 008 | s pl f |000 0 pol | ||
| 999 |
_c24075 _d24075 |
||
| 856 |
_uhttp://koha.tu.koszalin.pl/cgi-bin/koha/opac-detail.pl?biblionumber=24075 _yKatalog online BPK |
||